00858cam a2200265 i 4500001000700000003000900007005001700016008004100033010001700074020001200091040002800103043001200131050002100143082001900164100002500183245008700208250001200295260004200307300006400349500002000413504002900433600005800462651003400520700003800554343175BDDh-ASL20231015030134.0760318s1975 ii af b 001 0 eng  a 75907518  cRs60.00 aDLCcDLCdDLCdBDDh-ASL aa-ii---00aPK3794.D24bK83800a954.6021bSHI 1 aShastri, Ajay Mitra.10aIndia, as seen in the Kuṭṭanī-Mata of Dāmodaragupta /cAjay Mitra Shastri. a1st ed. aDelhi :bMotilal Banarasidass,c1975. axviii, 278, xxi p., [11] leaves of plates :bill. ;c22 cm. aIncludes index. aBibliography: [245]-259.00aDāmodaragupta,dactive 779-813.tKuṭṭanīmata. 0aIndiaxCivilizationyTo 1200.0 aDāmodaragupta,dactive 779-813.